Fruit and vegetable preservation / (Record no. 16987)

MARC details
000 -LEADER
fixed length control field 00602nam a22002297a 4500
003 - CONTROL NUMBER IDENTIFIER
control field BD-DhSAU
005 - DATE AND TIME OF LATEST TRANSACTION
control field 20230824103904.0
008 - FIXED-LENGTH DATA ELEMENTS--GENERAL INFORMATION
fixed length control field 150418b2017 caua|||| |||| 001 0 eng d
020 ## - INTERNATIONAL STANDARD BOOK NUMBER
International Standard Book Number 9788176220804
040 ## - CATALOGING SOURCE
Original cataloging agency BD-DhSAU
082 ## - DEWEY DECIMAL CLASSIFICATION NUMBER
Edition number 22
Classification number 635
Item number B4699
100 ## - MAIN ENTRY--PERSONAL NAME
Personal name Bhutani, R.C.
245 ## - TITLE STATEMENT
Title Fruit and vegetable preservation /
Statement of responsibility, etc. R.C. Bhutani
260 ## - PUBLICATION, DISTRIBUTION, ETC. (IMPRINT)
Place of publication, distribution, etc. New Delhi :
Name of publisher, distributor, etc. Biotech Books ,
Date of publication, distribution, etc. 2017.
300 ## - PHYSICAL DESCRIPTION
Extent 485 p. :
Other physical details ill ;
Dimensions 22 cm.
504 ## - BIBLIOGRAPHY, ETC. NOTE
Bibliography, etc index
590 ## - Name of Cataloguer
Name of Cataloger Kobir
650 ## - SUBJECT ADDED ENTRY--TOPICAL TERM
Topical term or geographic name as entry element Fruit preservation
650 ## - SUBJECT ADDED ENTRY--TOPICAL TERM
Topical term or geographic name as entry element Vegetable preservation
942 ## - ADDED ENTRY ELEMENTS (KOHA)
Source of classification or shelving scheme Dewey Decimal Classification
Koha item type Book
Holdings
Withdrawn status Lost status Source of classification or shelving scheme Damaged status Not for loan Collection code Coded location qualifier Home library Branch Name Shelving location Date acquired Coded location qualifier Cost, normal purchase price Total Checkouts Full call number Barcode Date last seen Date checked out Price effective from Koha item type
    Dewey Decimal Classification     Reference | | | SAU Library SAU Library Reference 21/06/2023 | | | 2760.00 1 635 B4699 44683 26/01/2026 23/12/2025 24/08/2023 Book